00778nmm a2200265 a 4500003000900000005001700009008004100026040001300067100002200080245003700102246003900139260003900178300001100217500006200228504004300290650002400333650002900357650001500386650002200401650001500423650001400438655001500452700002400467700002100491AR-BaBNM20251128204253.0047019s1971 ||||||||||||||000 | spa|| cAR-BaBNM1 aCastelli, Eugenio10a10 ensayos sobre Giovanni Papini2 aDiez ensayos sobre Giovanni Papini aSanta FebEdiciones Colmegnac1971 a112 p. aContiene: obras de Papini y ediciones originales en p. 97 aContiene: obras sobre Papini en p. 104 4aLITERATURA ITALIANA 4aLITERATURA CONTEMPORANEA 4aESCRITORES 4aCRITICA LITERARIA 4aBIOGRAFIAS 4aFILOSOFOS aLITERATURA1 aChiappini, Julio O.1 aPapini, Giovanni